Mesoamerica - Statistics

General Stats
  • This quiz has been taken 18 times
    15 since last reset
  • The average score is 7 of 11
Answer Stats
Hint Answer % Correct
Another name for the Mexica Empire Aztec
90%
The Capital of the Inca Empire Cusco
90%
The largest city in the Americas, circa 1510 Tenochtitlan
90%
With a peak population of 125 000, this city was the largest in the Americas at its zenith. Teotihuacan
80%
A series of wars fought between city-states in and around the Mexica Empire. Flower wars
70%
A member of the triple alliance; also a lake in Southern Mexico Tetzcoco
70%
A city-state near the Mexica Empire that contributed to its downfall Tlaxcala
70%
Name any of the city-states that fought against the Mexica in these wars Cholula | Atlixco | Huejotzingo | Tlaxcala
60%
Last Mayan City-state to fall (1697) Itza
50%
The largest market in the capital of the Mexica Empire Tlatelolco
30%
The Fortress at the center of that city Sacsayhuaman
20%
No matching quizzes found
Score Distribution
Percent of People with Each Score
Percentile by Number Answered
Your Score History
You have not taken this quiz since the last reset